00524 2200193 4500001002100000005001500021035002000036007000300056008004100059020001800100082001000118084001600128100002400144245004800168260004500216300002400261600002400285990002100309INLIS00000000000033920220530090844 a0010-0522000039ta220530 0 ind  a9786021143346 a155.2 a155.2 IDA p0 aIda Ayu Putu Beni P1 aPendidikan karakter bangsa 14 : cinta damai aJakarta :bMustika Pustaka Negeri,c2017 a80 :bilus ;c29 cm 4apendidikan karakter a314/smpn7/sby/18